Московский журнал. 2022, прил. [1]: "Недаром помнит вся Россия..." (Запись № 12811020)
[ простой вид ]
| 000 -МАРКЕР | |
|---|---|
| контрольное поле | 01243nam2a2200265 4500 |
| 001 - ИДЕНТИФИКАТОР ЗАПИСИ | |
| контрольное поле | RU\NLR\BIBL_A\016245476 |
| 005 - ИДЕНТИФИКАТОР ВЕРСИИ | |
| контрольное поле | 20250625011020.0 |
| 035 ## - ДРУГИЕ СИСТЕМНЫЕ НОМЕРА | |
| Идентификатор записи | (NLR Aleph) 016245476 |
| 100 ## - ДАННЫЕ ОБЩЕЙ ОБРАБОТКИ | |
| Данные общей обработки | 20221222d2022 |||y0rusy50 ca |
| 101 0# - ЯЗЫК РЕСУРСА | |
| Язык текста, звукозаписи и т.д. | русский |
| 102 ## - СТРАНА ПУБЛИКАЦИИ ИЛИ ПРОИЗВОДСТВА | |
| Страна публикации | Российская Федерация |
| 200 1# - ЗАГЛАВИЕ И СВЕДЕНИЯ ОБ ОТВЕТСТВЕННОСТИ | |
| Основное заглавие | "Недаром помнит вся Россия..." |
| Первые сведения об ответственности | Междунар. проект Пресса в образовании |
| 210 ## - ПУБЛИКАЦИЯ, РАСПРОСТРАНЕНИЕ И ДР. | |
| Дата издания, распространения и т.д. | 2022 |
| Место издания, распространения и т.д. | Б. м. |
| 300 ## - ОБЩИЕ ПРИМЕЧАНИЯ | |
| Текст примечания | К 210-летию Бородин. битвы |
| 461 #0 - УРОВЕНЬ НАБОРА | |
| Встроенное поле | 001RU\NLR\INFOCOMM16\1000080940 |
| -- | 2001#$aМосковский журнал$e[Изд. Н.М. Карамзина]$v2022, прил. [1] |
| Системный номер (АБИС) связанной записи | 2809586 |
| Место публикации | М. |
| Дата публикации | 1791-1792, 1991 - |
| Имя издателя, распространителя и т.д. | Унив. тип. у В. Окорокова |
| Сведения, относящиеся к заглавию | [Изд. Н.М. Карамзина] |
| Заглавие | Московский журнал |
| ISSN | 0868-7110 |
| Номер тома | 2022, прил. [1] |
| 606 1# - НАИМЕНОВАНИЕ ТЕМЫ КАК ПРЕДМЕТ | |
| Наименование темы | Бородинское сражение |
| Хронологический подзаголовок | 1812 |
| Системный номер авторитетной/нормативной записи | 1170369 |
| Идентификатор авторитетной/нормативной записи | RU\NLR\AUTH\66151840 |
| 686 1# - ИНДЕКСЫ ДРУГИХ КЛАССИФИКАЦИЙ | |
| Индекс | Т3(2)471-686.111.4 |
| 686 1# - ИНДЕКСЫ ДРУГИХ КЛАССИФИКАЦИЙ | |
| Индекс | Ц35(2)471.621.4 |
| 712 02 - НАИМЕНОВАНИЕ ОРГАНИЗАЦИИ - ВТОРИЧНАЯ ОТВЕТСТВЕННОСТЬ | |
| Код отношения | Прочие |
| Начальный элемент ввода | "Пресса в образовании", международный проект |
| Системный номер авторитетной/нормативной записи | 826958 |
| Идентификатор авторитетной/нормативной записи | RU\NLR\AUTH\880580665 |
| 852 ## - МЕСТОНАХОЖДЕНИЕ И ШИФР ХРАНЕНИЯ | |
| Идентификатор организации | NLR |
| Шифр хранения (Call Number) | П23/3797 |
| Публикуемое примечание | с 1991 |
| 942 ## - ДОПОЛНИТЕЛЬНЫЕ ЭЛЕМЕНТЫ ЗАПИСИ (АБИС) | |
| Тип экземпляра АБИС | Выпуск |
| 980 ## - КОЛЛЕКЦИЯ | |
| Название коллекции | Национальная библиография |
| 980 ## - КОЛЛЕКЦИЯ | |
| Название коллекции | Русская периодика |
Нет доступных экземпляров.